| 000 | 02449cam a22003255a 4500 | ||
|---|---|---|---|
| 001 | 18477007 | ||
| 005 | 20160601113243.0 | ||
| 008 | 150203s2015 nyua frb f001 0 eng d | ||
| 020 | _a9780521738149 | ||
| 040 |
_aDLC _beng _cDLC _dDLC _dEG-ScBUE |
||
| 043 |
_aa-ir--- _aa-iq--- |
||
| 082 | 0 | 0 |
_222 _a330.955 _bMAL |
| 100 | 1 |
_aMaloney, Suzanne. _940106 |
|
| 245 | 1 | 0 |
_aIran's political economy since the revolution / _cSuzanne Maloney. |
| 260 |
_aNew York : _bCambridge University Press, _c2015. |
||
| 300 |
_av, 581 p. : _bill. ; _c24 cm. |
||
| 500 | _aIndex : p. 579-581. | ||
| 504 | _aBibliography : p. 541-577. | ||
| 505 | 0 | _aThe prelude : the political economy of pre-revolutionary Iran -- The economics of upheaval, 1977-80 -- The cost of sacred defense, 1980-9 -- The reconstruction jihad, 1989-97 -- Ayatollah Gorbachev : reform within the red lines, 1997-2005 -- Populism, version 2.0 : the Ahmadinejad era, 2005-13 -- Energy and the Islamic republic -- Sanctions and the sacred state. | |
| 520 | 2 | _a"Over three decades after the Iranian Revolution reconfigured the strategic landscape in the Middle East, scholars are still trying to decipher its aftereffects. Suzanne Maloney provides the first comprehensive overview of Iran's political economy since the 1979 revolution and offers detailed examinations of two aspects of the Iranian economy of direct interest to scholars and non-specialist readers of Iran: the energy sector and the role of sanctions. Based on the author's research as both a scholar and government advisor, the book also features interviews with American and Iranian government officials. Moving chronologically from the early years under Khomeini, through the economic deprivations of the 1980s during the Iran-Iraq war, through liberalization under Khatami to the present, Maloney offers fascinating insights into Iran's domestic politics and how economic policies have affected ideology, leadership priorities, and foreign relations"-- | |
| 650 | 7 |
_aEnergy industries _zIran. _2BUEsh _940107 |
|
| 650 | 7 |
_aEconomic sanctions _zIran. _2BUEsh _940108 |
|
| 650 | 7 |
_aIran-Iraq War, 1980-1988 _xEconomic aspects. _2BUEsh _940109 |
|
| 651 | 0 |
_aIran _xEconomic policy. _2BUEsh |
|
| 651 | 0 |
_aIran _xPolitics and government _y1979-1997. _2BUEsh _911019 |
|
| 651 | 0 |
_aIran _xPolitics and government _y1997- _2BUEsh |
|
| 651 | 0 |
_aIran _xHistory _yRevolution, 1979 _xInfluence. _2BUEsh |
|
| 653 |
_bBUSBOL _cMay2016 |
||
| 942 | _2ddc | ||
| 999 |
_c21837 _d21809 |
||